书目信息 |
| 题名: |
免吃药健身法
|
|
| 作者: | 何权峰 著 | |
| 分册: | ||
| 出版信息: | 成都 四川辞书出版社 1998 |
|
| 页数: | 230页 | |
| 开本: | 21cm | |
| 丛书名: | 精致生活丛书 | |
| 单 册: | ||
| 中图分类: | R455 , R247.4 , R161 | |
| 科图分类: | ||
| 主题词: | 慢性病--体育疗法 , 慢性病 , 体育疗法 , 个人卫生 | |
| 电子资源: | ||
| ISBN: | 7-80543-703-3 | |
| 000 | 00852oam2 2200301 450 | |
| 001 | 1571339756 | |
| 005 | 20150129194927.90 | |
| 010 | @a7-80543-703-3@dCNY21.00 | |
| 100 | @a19990317d1998 em y0chiy0110 ea | |
| 101 | 0 | @achi |
| 102 | @aCN@b510000 | |
| 105 | @af z 000yy | |
| 200 | 1 | @a免吃药健身法@9mian chi yao jian shen fa@f何权峰著 |
| 210 | @a成都@c四川辞书出版社@a[台北]@c台湾汉湘文化事业股份有限公司@d1998 | |
| 215 | @a230页@c插图@d21cm | |
| 225 | 2 | @a精致生活丛书 |
| 461 | 0 | @12001 @a精致生活丛书 |
| 510 | 1 | @aMay each day dring to the very best of health@zeng |
| 606 | 0 | @a慢性病@x体育疗法 |
| 606 | 0 | @a慢性病 |
| 606 | 0 | @a体育疗法 |
| 606 | 0 | @a个人卫生 |
| 690 | @aR455@v5 | |
| 690 | @aR247.4@v5 | |
| 690 | @aR161@v4 | |
| 701 | 0 | @a何权峰@9he quan feng@4著 |
| 801 | 0 | @aCN@bTSSF@c20150129 |
| 905 | @aZUCC@dR161@eJY199 | |
| 免吃药健身法/何权峰著.-成都:四川辞书出版社;[台北]:台湾汉湘文化事业股份有限公司,1998 |
| 230页:插图;21cm.-(精致生活丛书) |
| ISBN 7-80543-703-3:CNY21.00 |
| ● |
| 相关链接 |
|
|
|
|
正题名:免吃药健身法
索取号:R161/JY199
 
预约/预借
| 序号 | 登录号 | 条形码 | 馆藏地/架位号 | 状态 | 备注 |
| 1 | 7862859 | 278628594 | 学院路分馆/ [索取号:R161/JY199] | 在馆 |